=LDR 00000nam 2200000 4500 =001 INLIS000000000015277 =005 20130612110546 =008 ***********************************Ind** =035 ##$$0010-061300000015277 =041 ##$$a Ind =082 ##$$a 635.982.4 =090 ##$$a 635.982.4, Sri-n =100 ##$$a Grubman, Barbara Joan =245 ##$$a Mengenal, Membuat dan Memelihara Terarium, Barbara Joan Grubman =260 ##$$a 1993 $b Semarang =300 ##$$a 107 hlm, Ilus, 21 cm =650 ##$$a Terarium =850 ##$$a NBPNMAT